TOXIC AID ECONOMIC COLLAPSE AND RECOVERY (Record no. 32439)

MARC details
000 -LEADER
fixed length control field 00375nam a2200133Ia 4500
008 - FIXED-LENGTH DATA ELEMENTS--GENERAL INFORMATION
fixed length control field 240624s9999 xx 000 0 und d
041 ## - LANGUAGE CODE
Language code of text/sound track or separate title eng
082 ## - DEWEY DECIMAL CLASSIFICATION NUMBER
Classification number 338.9109678 EDW
100 ## - MAIN ENTRY--PERSONAL NAME
Personal name EDWARDS SEBASTIAN
245 ## - TITLE STATEMENT
Title TOXIC AID ECONOMIC COLLAPSE AND RECOVERY
260 ## - PUBLICATION, DISTRIBUTION, ETC.
Date of publication, distribution, etc. 2014
Place of publication, distribution, etc. United Kingdom
Name of publisher, distributor, etc. Oxford University Press
300 ## - PHYSICAL DESCRIPTION
Extent xxiv, 290 p.; 23 cm.
365 ## - TRADE PRICE
Currency code BPS
Price amount 33
Holdings
Withdrawn status Lost status Damaged status Not for loan Home library Current library Shelving location Date acquired Full call number Barcode Date last seen Copy number Price effective from Koha item type
        IMTN IMTN Rack 13-A 07/03/2020 338.9109678 EDW 32439 06/24/2024 97.4 06/24/2024 Books
Designed & Maintained by: LRC IMT Nagpur Contact: lrc@imtnag.ac.in© 2024. All Rights Reserved.